000 00264nam a22001097a 4500
041 _aeng
080 _a80
100 _aКузнецов, В. С.
245 _aРусско-англо-польский разговорник.
650 _aReference
999 _c277711
_d277711
942 _cBK